| 000 -LEADER |
| fixed length control field |
01326cam a2200373 a 4500 |
| 001 - CONTROL NUMBER |
| control field |
4005768 |
| 003 - CONTROL NUMBER IDENTIFIER |
| control field |
Nust |
| 005 - DATE AND TIME OF LATEST TRANSACTION |
| control field |
20170324153426.0 |
| 008 - FIXED-LENGTH DATA ELEMENTS--GENERAL INFORMATION |
| fixed length control field |
930317s1992 enk 000 0 eng d |
| 010 ## - LIBRARY OF CONGRESS CONTROL NUMBER |
| LC control number |
96148030 |
| 015 ## - NATIONAL BIBLIOGRAPHY NUMBER |
| National bibliography number |
GB92-35796 |
| 020 ## - INTERNATIONAL STANDARD BOOK NUMBER |
| International Standard Book Number |
9780670058488 |
| Terms of availability |
£6.99 |
| 035 ## - SYSTEM CONTROL NUMBER |
| System control number |
(OCoLC)27895929 |
| 040 ## - CATALOGING SOURCE |
| Original cataloging agency |
Uk |
| Transcribing agency |
Uk |
| Modifying agency |
UkCoU |
| -- |
WU |
| -- |
DLC |
| 041 1# - LANGUAGE CODE |
| Language code of text/sound track or separate title |
engchi |
| Language code of original |
chi |
| 042 ## - AUTHENTICATION CODE |
| Authentication code |
lccopycat |
| 043 ## - GEOGRAPHIC AREA CODE |
| Geographic area code |
a-cc--- |
| 050 04 - LIBRARY OF CONGRESS CALL NUMBER |
| Classification number |
PL2658.E3 |
| Item number |
S39 1992 |
| 082 00 - DEWEY DECIMAL CLASSIFICATION NUMBER |
| Classification number |
895.11308 |
| Author Mark |
SET |
| 100 1# - MAIN ENTRY--PERSONAL NAME |
| Personal name |
Seth, Vikram, |
| Dates associated with a name |
1952- |
| 245 10 - TITLE STATEMENT |
| Title |
Three Chinese poets : |
| Remainder of title |
translations of poems by Wang Wei, Li Bai and Du Fu / |
| Statement of responsibility, etc. |
Vikram Seth. |
| 246 1# - VARYING FORM OF TITLE |
| Display text |
Cover title also in Chinese: |
| Title proper/short title |
San wei Zhongguo shi ren. |
| 260 ## - PUBLICATION, DISTRIBUTION, ETC. |
| Place of publication, distribution, etc. |
London ; |
| Name of publisher, distributor, etc. |
Boston : |
| -- |
Faber, |
| Date of publication, distribution, etc. |
1992. |
| 300 ## - PHYSICAL DESCRIPTION |
| Extent |
xxv, 64 p. ; |
| Dimensions |
21 cm. |
| 650 #0 - SUBJECT ADDED ENTRY--TOPICAL TERM |
| Topical term or geographic name entry element |
Chinese poetry |
| Chronological subdivision |
Tang dynasty, 618-907 |
| General subdivision |
Translations into English. |
| 700 12 - ADDED ENTRY--PERSONAL NAME |
| Personal name |
Wang, Wei, |
| Dates associated with a name |
701-761. |
| Title of a work |
Poems. |
| Language of a work |
English. |
| 700 12 - ADDED ENTRY--PERSONAL NAME |
| Personal name |
Li, Bai, |
| Dates associated with a name |
701-762. |
| Title of a work |
Poems. |
| Language of a work |
English. |
| 700 12 - ADDED ENTRY--PERSONAL NAME |
| Personal name |
Du, Fu, |
| Dates associated with a name |
712-770. |
| Title of a work |
Poems. |
| Language of a work |
English. |
| 906 ## - LOCAL DATA ELEMENT F, LDF (RLIN) |
| a |
7 |
| b |
cbc |
| c |
copycat |
| d |
u |
| e |
ncip |
| f |
19 |
| g |
y-gencatlg |
| 942 ## - ADDED ENTRY ELEMENTS (KOHA) |
| Source of classification or shelving scheme |
|
| Koha item type |
Book |
| 987 ## - LOCAL ROMANIZATION/CONVERSION HISTORY (OCLC) |
| Romanization/conversion identifier |
PINYIN |
| Agency that converted, created or reviewed |
DLC |
| Date of conversion or review |
20031020 |
| Status code |
c |